000 01673pam a2200361 i 4500
999 _c7638
_d7638
001 10429971
003 OSt
005 20190214200702.0
008 840126s1984 ilu 000 0aeng
010 _a84001311
020 _a0877889724 (pbk.) :
_c$5.95
035 _atcgc130077
040 _aDLC
_beng
_erda
_cDLC
_dTSM
050 0 _aBX5199.W376
_bA38 1984
082 0 _a248.4
_219
_bW337y
100 1 _aWatson, David,
_d1933-1984.
_0http://id.loc.gov/authorities/names/n78089016
245 1 0 _aYou are my God :
_cDavid Watson.
264 1 _aLodon;
_bHodder and Stoughton:,
_c[1984]
264 4 _c©1984
300 _a199 pages ;
_c21 cm
336 _atext
_btxt
_2rdacontent
337 _aunmediated
_bn
_2rdamedia
338 _avolume
_bnc
_2rdacarrier
600 1 0 _aWatson, David,
_d1933-1984.
_0http://id.loc.gov/authorities/names/n78089016
610 2 0 _aChurch of England
_xClergy
_vBiography.
_0http://id.loc.gov/authorities/subjects/sh2009119704
610 2 0 _aChurch of England
_0http://id.loc.gov/authorities/names/n79056234
_xDoctrines.
_0http://id.loc.gov/authorities/subjects/sh99005682
650 0 _aAnglican Communion
_zEngland
_xClergy
_vBiography.
_0http://id.loc.gov/authorities/subjects/sh2009114938
650 0 _aPentecostalism
_0http://id.loc.gov/authorities/subjects/sh85099634
_xChurch of England
_xHistory
_y20th century.
650 0 _aChurch renewal
_0http://id.loc.gov/authorities/subjects/sh85025743
_xChurch of England
_xHistory
_y20th century.
650 0 _aAnglican Communion
_xDoctrines.
_0http://id.loc.gov/authorities/subjects/sh2007101115
655 7 _aAutobiographies.
_2lcgft
_0http://id.loc.gov/authorities/genreForms/gf2014026047
942 _2ddc
_cBK